000 00547nam a22002057a 4500
003 OSt
005 20260401154715.0
008 260401b |||||||| |||| 00| 0 eng d
020 _a9781266285998
040 _cDDC
100 _aLouwers, Timothy J. [et..al]
_919564
245 _a Auditing & Assurance Services
250 _a9th ed.
260 _aNew York; Mcgraw hill, 2024
300 _axxix, 962p.; Col.ill: 28cm
504 _aIndex included
650 _a Auditing
_97397
650 _aAssurance services
_919565
942 _2ddc
_cO_SHELF
999 _c9620
_d9620